| 000 | 00513nam a2200205Ia 4500 | ||
|---|---|---|---|
| 003 | OSt | ||
| 005 | 20250930123649.0 | ||
| 008 | 210210b2004 xxu||||| |||| 00| 0 eng d | ||
| 040 | _cAL | ||
| 041 | _aEnglish | ||
| 082 | _a651.7 REDE | ||
| 100 |
_aREDDY (P N) and others. _9206339 |
||
| 245 | _aEssentials of business communication | ||
| 250 | _a6 | ||
| 260 |
_aMumbai _bHimalaya Publishing House _c2004 |
||
| 300 | _a333 | ||
| 690 |
_aBusiness Communication _9206340 |
||
| 906 | _a059542 | ||
| 942 |
_2ddc _cBK |
||
| 999 |
_c106885 _d106885 |
||